North Korea... Or South Korea - Statistics

General Stats
  • This quiz has been taken 152 times
  • The average score is 6 of 7
Answer Stats
Question Answer % Correct
Leader is Kim Jong-Un North Korea
100%
Cannot communicate to other countries North Korea
100%
Largest Economy South Korea
100%
Closest to Japan South Korea
82%
Owns Nuclear Weapons North Korea
73%
What country has a higher death rate North Korea
73%
Borders only one country South Korea
73%
No matching quizzes found
Score Distribution
Percent of People with Each Score
Percentile by Number Answered
Your Score History
You have not taken this quiz